000 00529cam a2200193 a 4500
020 _a0045910170
020 _a0045910189 (pbk.)
040 _cDLC
082 0 0 _a591 ALL 1981 A023 Or.
100 1 _aBlower, J. Gordon.
245 1 0 _aEstimating the size of animal populations /
260 _aLondon ;
_aBoston :
_bG. Allen & Unwin,
_c1981.
300 _a128 p. :
_bill. ;
_c24 cm.
500 _aIncludes index.
650 0 _aAnimal populations
700 1 _aCook, Laurence Martin.
700 1 _aBishop, James A.
942 _cEK
999 _c16164
_d16164